000 00332nam a22001457a 4500
008 221011b ||||| |||| 00| 0 eng d
020 _a0721668682
041 _aeng
080 _2SEVENTH EDITION
_a618
082 _a618 NOV
100 _a15.2
101 _aGINE
245 _aGYNECOLOGIC AND OBSTETRIC
_cNOVAK
942 _2udc
_cBK
999 _c58488
_d58488